000
00346pam a2200157a 44500
008
230515b1991 xxu||||| |||| 00| 0 eng d
020
_a
NULL
041
_a
ENGLISH
082
_a
N.D.
100
_a
Kumar H.P.
245
_a
Biotechnology
250
_a
0
260
_a
NULL
_b
Affilated East West Press
_c
1991
300
_a
280
650
_a
NULL
999
_c
575534
_d
575534